[Event "Levitov Chess Week Blitz 2019"]
[Site "Amsterdam"]
[Date "2019.08.03"]
[Round "1.1"]
[White "Gelfand, Boris"]
[Black "Giri, Anish"]
[Result "1/2-1/2"]
[WhiteElo "2700"]
[BlackElo "2772"]
[Annotator "TA"]
[PlyCount "97"]
[EventDate "2019.08.04"]
[EventType "tourn"]
[EventCountry "NED"]
[SourceTitle "playchess.com"]
[Source "ChessBase"]
[SourceQuality "1"]

{[%evp 16,97,0,0,0,0,0,0,0,0,0,2,28,30,27,0,0,-8,-5,-14,8,-19,20,14,14,-24,35,-8,36,-7,-9,-9,-10,-5,-5,-8,-11,-18,0,-21,-20,-33,0,0,62,62,63,62,62,62,79,19,189,185,156,32,48,20,79,79,79,79,79,79,322,0,0,0,0,0,0,0,0,0,0,0,0,0,0,0,0,0,0,0]} 1. d4 Nf6 2. c4 e6 3. Nf3 d5 4. g3 Bb4+ 5. Bd2 Be7 6. Bg2 O-O 7. O-O Nbd7 8. Qb3 c6 9. Bf4 a5 {E07: Closed Catalan: Main Line (5 Nf3 0-0 6 0-0 Nbd7)} (9... Nh5 10. Be3 Nhf6 11. Rc1 a5 12. a4 Bd6 13. Nc3 h6 14. Rd1 Qe7 15. Rac1 Bc7 16. Qa2 Re8 17. h3 {1-0 (61) Sargissian,G (2689)-Jakovenko,D (2735) St Petersburg 2018}) 10. Rd1 h6 11. a3 $146 ({Predecessor:} 11. Qc2 Nh5 12. Bc1 Nhf6 13. b3 a4 14. Bb2 b5 15. c5 axb3 16. axb3 Rxa1 17. Bxa1 {½-½ (40) Koestner,W (2262)-Molzahn,N (2298) ICCF 2017}) 11... Nh5 12. Bc1 Nhf6 13. Qc2 b5 14. c5 Ne4 15. Be3 f5 16. Ne5 Nxe5 17. dxe5 Bd7 18. Bd4 Be8 19. f3 Ng5 20. Nd2 Bg6 ({Better is} 20... a4 $11) 21. Qc3 f4 22. e3 fxg3 23. hxg3 Qe8 24. f4 Ne4 25. Nxe4 Bxe4 26. Bxe4 dxe4 27. Qc2 Qg6 28. Kg2 Rfd8 29. b4 a4 ({Black should play} 29... Bh4 $11 30. Qf2 Qg4) 30. Rh1 $14 Rd5 31. Qe2 Rf8 32. Raf1 Bd8 33. Qh5 (33. g4 $16) 33... Qh7 $2 {[#]} (33... Qxh5 $11 {and Black is okay.} 34. Rxh5 Be7) 34. g4 $1 $18 Rd7 35. g5 ({White should try} 35. Kg3 $16) 35... Qf5 $14 36. gxh6 g6 (36... Qxh5 $11 37. Rxh5 g5) 37. h7+ $16 Kh8 38. Qxf5 gxf5 39. Rh6 Rxh7 $2 (39... Re8 $16) 40. Rfh1 $2 ({Only move:} 40. Rxe6 $18 Rg8+ 41. Kf2) 40... Rg8+ $11 {The position is equal.} 41. Kf2 {[%csl Gh1][%cal Rh6h7] [#]} Rgg7 42. Bc3 Kg8 43. Rxh7 Rxh7 44. Rxh7 Kxh7 {KB-KB} 45. Kg3 Kg6 46. Kh3 Kh5 47. Be1 Be7 48. Bf2 Bd8 49. Be1 {Accuracy: White = 52%, Black = 45%.} 1/2-1/2

[Event "Levitov Chess Week Blitz 2019"]
[Site "Amsterdam"]
[Date "2019.08.03"]
[Round "1.2"]
[White "Anand, Viswanathan"]
[Black "Svidler, Peter"]
[Result "1-0"]
[WhiteElo "2730"]
[BlackElo "2805"]
[Annotator "TA"]
[PlyCount "81"]
[EventDate "2019.08.04"]
[EventType "tourn"]
[EventCountry "NED"]
[SourceTitle "playchess.com"]
[Source "ChessBase"]
[SourceQuality "1"]

{[%evp 11,81,26,41,19,31,22,32,22,29,31,19,33,39,17,72,48,72,49,49,49,47,58,70,81,66,66,73,66,66,57,66,73,72,52,57,57,57,57,57,57,57,57,62,5,84,98,53,17,40,31,49,50,52,56,145,117,136,109,384,303,512,474,927,923,873,872,827,825,714,415,564,430]} 1. e4 c5 2. Nf3 e6 3. d4 cxd4 4. Nxd4 Nc6 5. Nc3 Qc7 6. Be3 a6 7. Qf3 {B48: Sicilian: Taimanov: 5 Nc3 Qc7 6 Be3 a6 without Be2} Bd6 8. O-O-O {[#] Hoping for Ncb5!} Be5 $1 9. Qe2 {White is slightly better.} Nge7 10. g3 Bxd4 11. Bxd4 Nxd4 12. Rxd4 e5 $146 (12... O-O $11 {keeps the balance.}) ({Predecessor:} 12... b5 13. Bg2 Nc6 14. Rd2 O-O {1-0 (27) Bacrot,E (2696)-Gelashvili,T (2563) Minsk 2017}) 13. Rd1 b5 14. Bh3 O-O 15. Nd5 Nxd5 16. Rxd5 ({Much weaker is} 16. exd5 d6 $15) 16... d6 17. Bxc8 Raxc8 18. Rhd1 Rfd8 19. Kb1 h6 20. a3 Qb6 21. Qd2 Rc6 22. c3 Re8 23. f3 Re6 24. h4 Rg6 25. g4 Rf6 26. Qe2 Rc5 27. Qe3 (27. Qf2 $14) 27... Rxd5 (27... Rc6 $1 $11 {remains equal.} 28. Qe2 Rf4) 28. Qxb6 $16 Rxd1+ $11 {[%mdl 4096] Endgame KQ-KRR} 29. Ka2 Rxf3 30. Qxa6 Rd2 31. Qxb5 Rxc3 $1 32. a4 Rc5 (32... Rc8 $14) 33. Qe8+ $16 Kh7 34. Qxf7 Rd4 $2 {[%mdl 8192] [#]} (34... Rcc2 $16) 35. Ka3 Rcc4 $2 (35... Rd3+ 36. b3 Rcc3) 36. b3 $18 Rc1 (36... Rb4 $142 37. g5 Rb8 38. Qf5+ Kh8 39. gxh6 gxh6 40. Qf6+ Kh7) 37. g5 hxg5 38. hxg5 Ra1+ 39. Kb2 Rg1 40. Qh5+ Kg8 41. g6 {Accuracy: White = 71%, Black = 49%.} 1-0

[Event "Levitov Chess Week Blitz 2019"]
[Site "Amsterdam"]
[Date "2019.08.03"]
[Round "1.3"]
[White "Grischuk, Alexander"]
[Black "Bareev, Evgeny"]
[Result "1-0"]
[WhiteElo "2733"]
[BlackElo "2678"]
[Annotator "TA"]
[PlyCount "59"]
[EventDate "2019.08.04"]
[EventType "tourn"]
[EventCountry "NED"]
[SourceTitle "playchess.com"]
[Source "ChessBase"]
[SourceQuality "1"]

{[%evp 13,59,0,25,5,31,8,7,13,25,14,47,38,31,50,89,21,29,0,0,-18,-21,-13,6,-19,-7,-9,0,0,0,0,0,0,53,0,0,0,178,195,181,189,380,391,391,376,471,448,451,431]} 1. e4 e6 2. d4 d5 3. Nc3 Nf6 4. e5 Nfd7 5. Nce2 c5 6. c3 Nc6 7. Nf3 b5 8. a3 {[%cal Ba2a3,Ba3a4][%mdl 32] C11: French: Classical System: 4 e5 and 4 Bg5 dxe4} Rb8 (8... a5 9. Nf4 b4 10. axb4 cxb4 11. h4 h6 12. Bd3 Ba6 13. Nxe6 fxe6 14. Bg6+ Ke7 15. Ng5 hxg5 16. Bxg5+ {1-0 (35) Dominguez Perez,L (2739)-Meier,G (2628) chess.com INT 2018}) 9. Nf4 cxd4 $146 ({Predecessor:} 9... Be7 10. h4 cxd4 11. cxd4 b4 12. Bd3 bxa3 13. bxa3 Ba6 14. Bxa6 Qa5+ 15. Kf1 Qxa6+ {1-0 (30) Solodovnichenko,Y (2554)-Ramiro Ovejero,J (2337) La Roda 2019}) 10. cxd4 {The position is equal.} b4 11. a4 b3 12. Bb5 Qb6 13. O-O ({Don't blunder} 13. Qxb3 $2 a6 $19) 13... Ba6 14. Bxa6 ({But not} 14. Qxb3 Bxb5 15. axb5 Qxb5 $11) (14. Ng5 $1 $16) 14... Qxa6 $11 15. Be3 Be7 16. Nd2 O-O 17. Nxb3 Qb6 18. Nc1 Qxb2 19. Ncd3 Qb3 20. Qg4 $1 {And now Nxe6! would win.} Kh8 21. h4 Na5 22. Rfd1 {With the idea Nxe6!} Nc4 {[#]} (22... Rb7 $11) 23. Nh5 $40 {[%mdl 128] White mounts an attack.} ({White should play} 23. Nxe6 $1 $14 {[%mdl 512]} fxe6 24. Qxe6 {[%mdl 64] Double Attack}) 23... Rg8 24. Bg5 Bf8 $2 {[#]} (24... Ba3 $11) 25. Qf3 $1 $18 {[%cal Rf3f7]} Nb2 26. Rab1 Qa3 $2 (26... Ba3) 27. Rxb2 Rxb2 28. Nxb2 Qxb2 29. Qxf7 {[%mdl 64] Double Attack} Nb6 30. Nf4 {Accuracy: White = 54%, Black = 51%.} 1-0

[Event "Levitov Chess Week Blitz 2019"]
[Site "Amsterdam"]
[Date "2019.08.03"]
[Round "1.4"]
[White "Kramnik, Vladimir"]
[Black "Nepomniachtchi, Ian"]
[Result "1/2-1/2"]
[WhiteElo "2748"]
[BlackElo "2815"]
[Annotator "TA"]
[PlyCount "77"]
[EventDate "2019.08.04"]
[EventType "tourn"]
[EventCountry "NED"]
[SourceTitle "playchess.com"]
[Source "ChessBase"]
[SourceQuality "1"]

{[%evp 14,77,0,-20,0,0,0,-2,10,0,14,-24,0,-11,-12,-5,-15,-8,-10,-8,0,-6,0,-33,-6,-18,0,0,122,0,0,0,0,0,8,8,10,14,8,7,16,5,67,33,106,107,89,24,39,11,12,-50,31,32,85,41,41,39,43,48,37,0,0,0,0,0]} 1. d4 Nf6 ({Predecessor:} 1... c5 2. Nf3 cxd4 3. Nxd4 d5 4. e3 Nf6 5. b3 g6 6. Bb2 Bg7 7. Be2 O-O 8. Nd2 b6 9. c4 Bb7 {½-½ (38) Manzi,L (2171)-Camilotti,V (2081) Rio de Janeiro 2001}) 2. Nf3 g6 3. e3 Bg7 4. Be2 O-O 5. O-O d5 6. b3 c5 7. Bb2 cxd4 8. Nxd4 b6 $146 {D04: Colle System} (8... Re8 9. c4 e5 10. Nc2 Nc6 11. Nc3 dxc4 12. Qxd8 Rxd8 13. Bxc4 Bf5 14. Na3 a6 15. Be2 b5 16. Nab1 {½-½ (36) Nakamura,H (2749)-Salem,A (2672) chess.com INT 2019}) 9. Nd2 Bb7 10. c4 Nbd7 11. Rc1 Rc8 12. N2f3 a6 13. cxd5 Nxd5 14. Rxc8 Qxc8 15. Qa1 Qa8 16. Rd1 Rc8 {[#] Strongly threatening ...e5.} 17. Bf1 Nc5 18. Qb1 e6 19. h3 Nb4 20. Nd2 Ne4 {[#]} (20... Qb8 $11 {keeps the balance.}) 21. a3 (21. Nc4 $1 $16 {[%cal Rc4b6]} Rd8 22. Nxb6) 21... Nxd2 $1 $11 22. Rxd2 Nd5 23. Qa1 Qb8 24. b4 a5 25. bxa5 bxa5 26. Rd1 Ba8 27. Rb1 Bh6 (27... Qb6 $11) 28. Nf3 (28. Nb5 $5 {[%cal Rb2e5]} Rc2 29. Be5 $14) 28... Qc7 (28... Nxe3 $14 29. Be5 (29. Bd4 Qc7 $14) 29... Qa7) 29. Rc1 $16 Qd8 30. Bd4 (30. Rxc8 $16 Qxc8 31. Qd1) 30... Bf8 $11 31. a4 Nb4 32. Ne5 (32. Rxc8 $11 Qxc8 33. Bb6) 32... h5 (32... Nc2 $1 $15 33. Qb1 Nxd4 34. Rxc8 Qxc8 35. exd4 Bb4) 33. Nc4 Qd5 (33... Bd5 $14) 34. Nb6 Rxc1 35. Qxc1 Qc6 36. Qxc6 Bxc6 37. Nc4 Bxa4 38. Nxa5 Nc6 39. Nxc6 {Accuracy: White = 49%, Black = 43%.} 1/2-1/2

[Event "Levitov Chess Week Blitz 2019"]
[Site "Amsterdam"]
[Date "2019.08.03"]
[Round "2.1"]
[White "Giri, Anish"]
[Black "Nepomniachtchi, Ian"]
[Result "1/2-1/2"]
[WhiteElo "2772"]
[BlackElo "2815"]
[Annotator "TA"]
[PlyCount "90"]
[EventDate "2019.08.04"]
[EventType "tourn"]
[EventCountry "NED"]
[SourceTitle "playchess.com"]
[Source "ChessBase"]
[SourceQuality "1"]

{[%evp 9,90,16,31,22,19,-8,11,7,22,30,29,33,81,77,106,67,165,171,185,151,294,157,333,202,163,141,160,157,480,460,493,131,122,106,123,63,70,68,66,54,46,46,49,49,50,50,54,50,52,38,35,35,35,35,35,35,36,7,31,0,0,0,0,-6,48,48,48,48,48,48,48,48,48,35,35,35,35,35,35,35,35,35,35]} 1. e4 c6 2. d3 d5 3. Nf3 Bg4 4. h3 Bh5 5. Nc3 e6 6. g4 {B11: Caro-Kann: Two Knights Variation} Bg6 7. Qe2 (7. h4 h6 8. Qe2 d4 9. Nb1 e5 10. c3 dxc3 11. Nxc3 Nd7 12. h5 Bh7 13. g5 hxg5 14. Bxg5 {1-0 (47) Lu,S (2566)-Nevednichy,V (2563) Bazna 2014}) 7... d4 8. Nb1 {The position is equal.} c5 $146 ({Predecessor:} 8... e5 9. c3 dxc3 10. bxc3 Nd7 11. Nbd2 Qa5 12. Bb2 O-O-O {1-0 (45) Feistenauer,F (2315)-Donev,I (2420) Austria 1999}) 9. h4 h5 10. Ne5 Bh7 11. g5 $36 {[%mdl 2048] White has strong initiative.} Qc7 12. Nc4 Bg6 ({Better is} 12... b5 $14 13. Ncd2 Ne7) 13. a4 $18 Nc6 14. f4 f6 (14... f5 $16 {was necessary.}) 15. Bh3 (15. f5 $18) 15... e5 $2 (15... Bf7 $16 {was worth a try.} 16. Nba3 a6) 16. fxe5 Nxe5 17. Nba3 Nxc4 18. Nxc4 {aiming for e5.} Bd6 $2 {[#]} (18... Qg3+ $16 19. Kd1 Bf7) 19. e5 $1 {[%mdl 512]} Bxe5 20. Bf4 $2 (20. gxf6 $18 {and the rest is easy.} gxf6 21. Bf4) 20... Ne7 $16 21. Nxe5 fxe5 22. Bxe5 (22. Qxe5 $16 Qxe5+ 23. Bxe5) 22... Qa5+ $14 23. Qd2 Qxd2+ 24. Kxd2 {[#] And now Bd6 would win.} O-O 25. Raf1 {Strongly threatening Bd6.} Nf5 26. Bxf5 Rxf5 27. Rxf5 Bxf5 {[%mdl 4096] Endgame KRB-KRB} 28. Bd6 b6 29. Re1 Rd8 30. Bg3 Kf7 31. b3 Rd7 32. Re5 g6 33. Re1 (33. a5 $5) 33... a6 34. Re5 {Black should prevent a5!} Re7 35. a5 Rxe5 36. Bxe5 $11 {KB-KB} b5 (36... bxa5 $11 37. Bd6 Ke6 38. Bxc5 Ke5) 37. Bd6 $14 {White is slightly better.} Ke6 38. Bxc5 Kd5 39. Bb6 Bg4 40. b4 Bf3 41. c3 dxc3+ 42. Kxc3 Bg4 43. Kd2 Bf5 44. Ke3 Bg4 45. Bc5 Bf5 {Accuracy: White = 49%, Black = 44%.} 1/2-1/2

[Event "Levitov Chess Week Blitz 2019"]
[Site "Amsterdam"]
[Date "2019.08.03"]
[Round "2.2"]
[White "Bareev, Evgeny"]
[Black "Kramnik, Vladimir"]
[Result "1-0"]
[WhiteElo "2678"]
[BlackElo "2748"]
[Annotator "TA"]
[PlyCount "91"]
[EventDate "2019.08.04"]
[EventType "tourn"]
[EventCountry "NED"]
[SourceTitle "playchess.com"]
[Source "ChessBase"]
[SourceQuality "1"]

{[%evp 14,91,32,22,14,7,26,22,37,12,4,-6,6,-24,-18,-16,-12,-13,-16,-39,-22,-35,-24,-35,-37,-46,-48,-56,-15,-22,-18,-20,0,0,0,0,0,-6,44,43,50,45,55,34,54,47,93,44,51,44,47,44,116,-159,0,0,0,0,30,0,26,17,37,0,0,0,132,124,167,167,167,105,174,120,982,935,833,154,2914,1881]} 1. c4 e5 2. g3 Nf6 3. Bg2 Bc5 4. e3 O-O 5. Nc3 Re8 6. Nge2 d6 7. O-O Nc6 8. d3 a6 {A25: English Opening vs King's Indian with ...Nc6 but without early d3} (8... Bf5 9. h3 Qd7 10. g4 Bg6 11. Ng3 h6 12. a3 a6 13. b4 Ba7 14. Bb2 Rab8 15. Rc1 Nd8 16. Nce4 Nxe4 17. dxe4 {½-½ (56) Tratar,M (2498)-Wojtaszek,R (2701) Legnica 2013}) 9. h3 h6 10. Kh2 Ba7 {The position is equal.} 11. Rb1 Ne7 $146 ({Predecessor:} 11... Be6 12. Nd5 Bxd5 13. cxd5 Ne7 14. e4 c6 15. dxc6 Nxc6 {½-½ (37) Bogdan,D (2412)-Moldovan,D (2460) Curtea de Arges 2002}) 12. b4 Ng6 13. b5 axb5 14. Nxb5 Bb8 15. Nbc3 c6 16. e4 Ba7 17. Qa4 Bd7 18. Qb3 Rb8 19. Be3 Bxe3 20. fxe3 b5 21. cxb5 cxb5 22. Qb4 Bc6 23. Nd5 $36 {[%mdl 2048] Black is under pressure.} Bxd5 24. exd5 Qb6 25. e4 Nd7 26. Nc3 Nc5 27. Qxb5 Qa7 28. Qc4 Rbc8 29. Nb5 Qe7 30. Qb4 h5 31. h4 $1 Ra8 32. a3 Nf8 ({Black should play} 32... Reb8 $14) 33. Rfc1 $2 {[%mdl 8192]} (33. d4 $16 Ra4 34. dxc5 Rxb4 35. axb4 dxc5 36. d6) 33... Nfd7 $2 ({Better is} 33... Nxd3 $17 34. Qxd6 Nxc1 35. Qxe7 Rxe7 36. Rxc1 Rb7) 34. Qd2 Nf6 35. Bh3 Reb8 36. Rb4 Qd8 37. Rcb1 g6 38. Qe3 Kg7 39. d4 Rxb5 (39... exd4 $11 {remains equal.} 40. Qxd4 Ncxe4) 40. Rxb5 $16 exd4 41. Qxd4 Ncxe4 42. R5b3 (42. Rb7 $18 {And now Be6 would win.} Qa5 43. Be6) 42... Kg8 {[#]} (42... Qc7 $16) 43. Rf1 (43. Re1 $1 $18) 43... Rc8 $2 {[%mdl 8192]} (43... Ra5 $16) 44. Bxc8 $18 Qxc8 45. Rxf6 $2 (45. Kg1 $18 {is the precise move to win.}) 45... Qc2+ $2 {[#]} (45... Nxf6 $16 46. Rb2 (46. Qxf6 Qc2+ 47. Kg1 Qd1+ 48. Kh2 Qc2+ 49. Kg1 Qxb3 $11) 46... Ng4+ 47. Kg2 Kh7) 46. Rf2 $1 {Accuracy: White = 34%, Black = 31%.} 1-0

[Event "Levitov Chess Week Blitz 2019"]
[Site "Amsterdam"]
[Date "2019.08.03"]
[Round "2.3"]
[White "Svidler, Peter"]
[Black "Grischuk, Alexander"]
[Result "1-0"]
[WhiteElo "2805"]
[BlackElo "2733"]
[Annotator "TA"]
[PlyCount "77"]
[EventDate "2019.08.04"]
[EventType "tourn"]
[EventCountry "NED"]
[SourceTitle "playchess.com"]
[Source "ChessBase"]
[SourceQuality "1"]

{[%evp 11,76,0,0,0,27,28,35,0,5,0,13,0,0,0,2,0,18,0,18,18,52,63,41,49,64,53,63,61,64,27,49,48,83,74,82,89,107,97,129,119,157,166,238,246,242,160,375,224,481,521,612,600,1084,1082,1095,1075,1053,1020,968,677,926,606,571,564,514,370,29999]} 1. c4 e5 2. g3 Nf6 3. Bg2 d5 4. cxd5 Nxd5 5. Nf3 Nc6 6. O-O Nb6 7. d3 {A20: English Opening: 1...e5} (7. b3 Be7 8. Bb2 f6 9. d3 O-O 10. Nbd2 Be6 11. Rc1 Qd7 12. Ne4 Rad8 13. Qc2 Nd5 14. Rfd1 a5 15. a3 Kh8 16. d4 f5 17. Nc5 Bxc5 18. Qxc5 e4 19. Ne5 Nxe5 20. dxe5 b6 {½-½ (67) Le,Q (2714)-Giri,A (2783) St Petersburg 2018}) 7... Bc5 8. b3 O-O 9. Bb2 {White is slightly better.} Re8 10. Nbd2 f6 11. Rc1 Bf8 12. Ne4 $146 ({Predecessor:} 12. Qc2 Be6 13. Ne4 Rc8 14. Nc5 Bxc5 15. Qxc5 Qd7 16. Nd2 Bd5 17. Ne4 {1-0 (34) Hera,I (2619)-Ruck,R (2566) Hungary 2017}) 12... a5 13. Nc5 Ra7 14. Nd2 $36 {[%mdl 2048] White has good play.} Nd4 15. e3 Ne6 16. Nxe6 Bxe6 17. d4 exd4 18. Bxd4 c6 19. Nc4 c5 20. Bb2 {[#] Threatens to win with Qxd8.} Nd5 21. a4 b6 22. Qh5 Bf7 23. Qe2 Rd7 24. Bh3 Rde7 25. Rfd1 Qc7 26. Rd2 Rd8 (26... Nb4 $142 27. Rcd1 Nc6) 27. Rcd1 $18 Ree8 28. Bg4 Ne7 $2 (28... Nb4 $16 29. Bd7 Re4) 29. Rd7 (29. Nd6 $142 Rxd6 30. Rxd6) 29... Qb8 $2 (29... Rxd7 {was necessary.} 30. Rxd7 Qc6) 30. Nd6 Rxd7 31. Bxd7 Rd8 32. Nxf7 Kxf7 33. Qc4+ Kg6 34. Qe4+ Kf7 35. Qe6+ Kg6 36. h4 {[#] Hoping for h5+!} h6 37. Qe4+ Kf7 38. h5 {[%csl Gd7][%cal Re4e6]} Qc7 $2 (38... Kg8 $18 39. Qe6+ Kh8 40. Bxf6 gxf6) 39. Qe6# {Accuracy: White = 68%, Black = 33%.} 1-0

[Event "Levitov Chess Week Blitz 2019"]
[Site "Amsterdam"]
[Date "2019.08.03"]
[Round "2.4"]
[White "Gelfand, Boris"]
[Black "Anand, Viswanathan"]
[Result "1/2-1/2"]
[WhiteElo "2700"]
[BlackElo "2730"]
[Annotator "TA"]
[PlyCount "136"]
[EventDate "2019.08.04"]
[EventType "tourn"]
[EventCountry "NED"]
[SourceTitle "playchess.com"]
[Source "ChessBase"]
[SourceQuality "1"]

{[%evp 9,136,4,10,19,23,10,0,5,25,14,19,24,18,20,16,18,16,15,22,31,43,30,39,37,57,70,73,65,101,75,95,101,109,102,102,104,95,93,93,94,88,86,95,89,95,90,95,97,97,77,72,45,48,35,39,34,36,30,35,31,28,22,47,17,16,16,27,20,67,68,66,64,88,87,88,60,52,32,35,18,35,35,33,29,49,39,39,8,8,0,39,25,77,78,89,85,177,161,183,182,166,84,106,91,91,91,123,123,123,123,122,123,123,123,123,123,123,123,123,123,123,104,104,0,130,104,104,104,104]} 1. c4 e5 2. Nc3 Bb4 3. Nd5 Be7 4. d4 exd4 5. Qxd4 Nf6 6. Nxe7 {A21: English Opening: 1...e5 2 Nc3} Qxe7 7. Bg5 Nc6 8. Qc3 {The position is equal.} Ne5 ({Predecessor:} 8... d6 9. e3 Ne5 10. Ne2 O-O 11. Nf4 h6 12. Bxf6 {½-½ (87) Arnold,E (1991)-Banshchikov,V (1994) ICCF email 2016}) 9. e3 $146 (9. g3 d6 10. Bg2 h6 11. Bxf6 Qxf6 12. Nh3 Bxh3 13. Bxh3 {1-0 (65) Dubov,D (2703)-Erdos,V (2612) Skopje 2019}) 9... h6 10. Bxf6 Qxf6 11. Ne2 d6 12. Nf4 O-O 13. Be2 Bf5 14. O-O Rae8 15. Nd5 Qd8 16. Rad1 c6 17. Nf4 Qc7 18. Rd2 Rd8 19. Rfd1 a6 20. Qa3 b5 21. cxb5 axb5 22. Rxd6 Rxd6 23. Qxd6 Qxd6 24. Rxd6 Ra8 25. a3 Kf8 26. f3 Ke7 27. Rd2 g5 28. Nh5 Be6 29. e4 Ra4 30. Ng3 b4 31. axb4 Rxb4 32. Nf1 f5 33. exf5 Bxf5 34. Ne3 Be6 35. Kf2 Rb3 36. g3 Rb4 37. Ng2 Nd7 38. Rc2 Nf6 39. Ne3 Nd5 40. Nc4 Nf6 41. Ne5 Bd5 42. Ke1 Kd6 43. Nd3 Rb7 44. Nc5 Ra7 45. Kf2 Ra1 46. Nd3 Rh1 47. Kg2 Ra1 48. Nb4 Ra4 49. Nd3 (49. Nxd5 {with more complications.} cxd5 50. Kf2 Rb4 51. Bd1 Nd7 52. Rd2) 49... Ra1 50. Rc1 (50. Rd2 {feels hotter.} Ra8 51. Nf2 Ra4 52. Nd1 Rb4 53. Kf2) 50... Rxc1 (50... Ra8 $11) 51. Nxc1 $11 {[%mdl 4096] Endgame KBN-KBN} Kc5 52. Kf2 Kb4 (52... Kd4 $16) 53. Ke3 c5 54. Nd3+ Kb5 55. Kd2 (55. Nf2+ $18 Bc4 56. Bd3) 55... Kc6 56. Ne5+ Kd6 57. Nc4+ Bxc4 58. Bxc4 $16 {KB-KN} Ke5 59. Ke3 Ne8 60. f4+ gxf4+ 61. gxf4+ Kf5 62. Bd3+ Ke6 63. Kf3 Nf6 64. Bc4+ Kd6 65. Kg3 Ke7 66. Kf3 Kd6 67. h3 Ke7 68. Ke3 Kd6 {Accuracy: White = 65%, Black = 60%.} 1/2-1/2

[Event "Levitov Chess Week Blitz 2019"]
[Site "Amsterdam"]
[Date "2019.08.03"]
[Round "3.1"]
[White "Anand, Viswanathan"]
[Black "Giri, Anish"]
[Result "1-0"]
[WhiteElo "2730"]
[BlackElo "2772"]
[Annotator "TA"]
[PlyCount "57"]
[EventDate "2019.08.04"]
[EventType "tourn"]
[EventCountry "NED"]
[SourceTitle "playchess.com"]
[Source "ChessBase"]
[SourceQuality "1"]

{[%evp 17,57,4,13,0,0,0,0,-15,0,0,0,0,0,0,0,0,0,-17,-6,-18,48,43,41,39,68,55,81,-64,-58,-56,-55,-93,181,179,223,219,216,206,453,444,414,403]} 1. e4 c5 2. Nf3 d6 3. d4 cxd4 4. Nxd4 Nf6 5. Nc3 a6 6. Be3 e5 7. Nf3 Be7 8. Bc4 O-O 9. O-O Nc6 10. Re1 {B90: Sicilian Najdorf: Unusual White 6th moves, 6 Be3 Ng4 and 6 Be3 e5} Be6 11. Nd5 Bxd5 12. exd5 {The position is equal.} b5 13. Bf1 Nb4 14. c4 bxc4 15. Bxc4 {Strongly threatening a3.} Qc7 (15... Qa5 16. Bd2 Qb6 17. Nh4 g6 {1-0 (60) Karjakin,S (2753)-Yilmaz,M (2636) St Petersburg 2018}) 16. Rc1 $36 {[%mdl 2048] And now a3 would win. White fights for an advantage.} Qb7 $1 {[%cal Rb4d5] [#]} 17. Bg5 $146 {Hoping for Bxf6.} ({Predecessor:} 17. Qb3 Rab8 18. Red1 Qd7 19. Qc3 Qb7 20. Qd2 Ne4 21. Qe1 Nf6 22. Qd2 {½-½ (22) Palciauskas,V (2577)-Boger,R (2622) ICCF email 2008}) 17... Nbxd5 18. Nh4 Nb6 (18... g6 $11) 19. Nf5 $14 Nxc4 20. Rxc4 Rfd8 21. Qc2 {Rc7 is the strong threat.} Ra7 $1 22. Rc3 (22. Re3 $16) 22... Nd5 $1 $15 23. Nxe7+ Nxe7 24. Rd1 {[#] Black must now prevent Be3.} h6 $2 {[%mdl 8192] [#]} (24... d5 $1 $17 {stays on course.} 25. Rc5 f6) 25. Be3 $1 $18 {[%cal Re3a7]} Rd7 {...Ra8 would now be nice for Black.} 26. Bxa7 Qxa7 27. Rc1 d5 $2 (27... Rb7 28. Qd3 f6) 28. Rc7 Rxc7 29. Qxc7 {Accuracy: White = 49%, Black = 44%.} 1-0

[Event "Levitov Chess Week Blitz 2019"]
[Site "Amsterdam"]
[Date "2019.08.03"]
[Round "3.2"]
[White "Grischuk, Alexander"]
[Black "Gelfand, Boris"]
[Result "1-0"]
[WhiteElo "2733"]
[BlackElo "2700"]
[Annotator "TA"]
[PlyCount "60"]
[EventDate "2019.08.04"]
[EventType "tourn"]
[EventCountry "NED"]
[SourceTitle "playchess.com"]
[Source "ChessBase"]
[SourceQuality "1"]

{[%evp 14,60,18,16,17,8,20,0,0,0,0,0,0,2,-5,-6,13,0,0,-10,0,-10,0,-17,0,-1,7,-41,14,0,1,0,0,0,36,0,0,0,0,0,14,0,64,35,110,87,89,66,105]} 1. d4 Nf6 2. c4 g6 3. h4 c5 4. d5 Bg7 5. Nc3 d6 6. e4 O-O 7. Be2 e6 8. h5 exd5 {E73: King's Indian: Averbakh Variation without 6...c5} 9. exd5 $146 (9. hxg6 fxg6 10. cxd5 b5 11. e5 dxe5 12. Bxb5 Ba6 13. a4 Bxb5 14. axb5 Nbd7 15. Be3 a6 16. bxa6 {1-0 (39) Rapport,R (2680)-Baklan,V (2627) Kozloduy 2013}) 9... Re8 10. h6 Bh8 {The position is equal.} 11. Bg5 Qb6 12. b3 Ne4 13. Nxe4 Rxe4 14. Rc1 Nd7 15. Kf1 Re8 16. Rh4 Ne5 17. g3 a6 18. Kg2 Qa5 19. a4 Bf5 (19... Qc7 {with more complications.} 20. Rh1 Rb8 21. Bf4 Bf5 22. Nh3 Qd7) 20. Nh3 (20. Rh1 {seems wilder.} f6 21. Bd2 Qd8 22. g4 Bd7 23. f4) 20... Bxh3+ ({Black should play} 20... Qc7 $15) 21. Rxh3 $11 Nd7 22. Bd3 Qb6 23. Rb1 Re5 24. Bf4 Re7 25. a5 Qc7 26. Qd2 Rae8 27. Rhh1 Nf6 (27... Bd4 $11) 28. Rhe1 Nh5 (28... Nd7 $14) 29. Bg5 $16 Re5 30. b4 cxb4 {Accuracy: White = 57%, Black = 53%.} 1-0